00827cam a22002894a 450000100090000000300040000900500170001300800410003001000170007102000150008804000130010304300120011605000210012808200160014911000190016524500230018426000500020730000210025749000320027850000170031050000810032750000200040865000500042870000190047870000190049771000210051614753431OSt20230629130647.0070301s2006 enk l 001 0 eng  a 2007386281 a0421923504 aDLCcDLC ae-uk---00aKD3527b.A3 2005 a348.02bALL1 aGreat Britain.10aGambling Act 2005. a[London?] :bThomson/Sweet & Maxwell,c[2005] a388 p. ;c24 cm.0 aA current law statute guide aCover title. a"Annotations by Carl Rohsler ... with the assistance of Serena White"--P. 1. aIncludes index. 0aGamblingxLaw and legislationzGreat Britain.1 aRohsler, Carl.1 aWhite, Serena.2 aSweet & Maxwell.